Gene discovery lab /

Provides a virtual laboratory environment in which to perform molecular biology techniques. Allows users to explore concepts by simulating molecular biology techniques.

Salvato in:
Dettagli Bibliografici
Autore principale: Benfey, Philip N.
Natura: Libro
Lingua:English
Pubblicazione: Pacific Grove, Calif. : Brooks/Cole, c2001.
Soggetti:
LEADER 01263cam a2200313 a 4500
001 c000388308
003 CARM
005 20120113115935.0
008 120113s2001 cau f 000 0 eng d
019 1 |a 22718123  |5 LACONCORD2021 
020 |a 0534377378 (CD-ROM) 
020 |a 0534377173 (Manual) 
035 |a (OCoLC)51343985  |5 LACONCORD2021 
040 |a NNCU:A  |b eng  |c NNCU:A 
082 0 4 |a 572.8  |2 21 
100 1 |a Benfey, Philip N. 
245 1 0 |a Gene discovery lab /  |c Philip N. Benfey. 
260 |a Pacific Grove, Calif. :  |b Brooks/Cole,  |c c2001. 
300 |a 93 p. ;  |c 28 cm. +  |e 1 CD-ROM. (4 3/4 in.) 
500 |a Leaflet with instructions for installation and use is included. 
500 |a Windows and Macintosh. 
500 |a CD-ROM is version 1.02. 
520 |a Provides a virtual laboratory environment in which to perform molecular biology techniques. Allows users to explore concepts by simulating molecular biology techniques. 
650 0 |a Molecular biology  |x Technique. 
650 0 |a Molecular biology. 
650 0 |a Molecular biology  |v Laboratory manuals. 
852 8 |b CARM  |p 0577716  |f BK 
999 f f |i 1c4f6071-2a15-5a34-b454-4eda67ff73b3  |s 8e7f823b-22b4-5f46-adf9-668df6e3022e 
952 f f |p Can circulate  |a CAVAL  |b CAVAL  |c CAVAL  |d CARM 1 Store  |i book  |m 0577716